Statistics for Richest Countries - With Exceptions

Click here to take the quiz!

General Stats

  • This quiz has been taken 28 times
  • The average score is 31 of 40

Answer Stats

$$$Country% Correct
$15,980Argentina
100%
$52,050Canada
100%
$69,290United States
100%
$66,400Australia
96%
$12,210Brazil
96%
$20,140Chile
96%
$39,290Japan
96%
$79,430Singapore
96%
$33,550South Korea
96%
$48,810New Zealand
92%
$11,670China
88%
$13,100Malaysia
88%
$35,520Taiwan
88%
$22,030Uruguay
88%
$10,950Mexico
83%
$17,450Panama
83%
$32,240Bahamas
79%
$12,960Russia
79%
$11,230Dominican Republic
75%
$17,840Poland
75%
$20,560Slovakia
75%
$13,460Costa Rica
71%
$27,280Estonia
71%
$21,480Latvia
71%
$24,030Lithuania
71%
$15,610Romania
71%
$19,130Saint Kitts and Nevis
71%
$42,940Brunei
67%
$20,270Greece
67%
$18,980Hungary
67%
$11,590Kazakhstan
67%
$29,470Slovenia
67%
$20,010Barbados
63%
$12,510Bulgaria
63%
$26,390Czech Republic
63%
$17,220Croatia
58%
$20,740Trinidad and Tobago
58%
$19,960Seychelles
54%
$15,090Maldives
46%
$16,790Antigua and Barbuda
33%

Score Distribution

Percentile by Number Answered

Percent of People with Each Score

Your Score History

You have not taken this quiz